| 000 | 01201nam a22002177a 4500 | ||
|---|---|---|---|
| 999 |
_c63362 _d63362 |
||
| 003 | Ge_BSU | ||
| 005 | 20250925142758.0 | ||
| 008 | 250925s1950 ge ||||| |||| 00| 0 geo d | ||
| 041 | _ageo | ||
| 080 | _a349.2 ა-47 | ||
| 100 |
_aალექსანდროვი, ნ. გ. _925876 |
||
| 245 |
_aშრომის სამართალი / _cნ.გ. ალექსანდროვი, ე.ი. ასტრახანი; მთარგმნ.: ე. ნეიძე; სსრკ იუსტიციის სამინისტროს იურიდ. მეცნ. საკ. ინ-ტი. |
||
| 264 |
_aთბილისი : _bსახელგამი, _c1950. |
||
| 300 |
_a193 გვ. ; _b20 სმ. |
||
| 500 | _aდანართები გვ. 147-158. | ||
| 504 | _aბიბლიოგრ.: გვ. 159-192. | ||
| 700 |
_aნეიძე, ე., _eმთარგმნელი _9877 |
||
| 700 |
_aასტრახანი, ე. ი. _eავტორი _925877 |
||
| 710 |
_a სსრკ იუსტიციის სამინისტროს იურიდ. მეცნ. საკ. ინ-ტი. _925878 |
||
| 942 |
_2udc _cᲬᲘᲒᲜᲘ |
||